Music Quiz

Random Music or Artist Quiz

Artist & Song Pictograms Quiz Stats

Quiz Updated Mar 6, 2015

Also try: Music Pictograms
Challenge
Share
Tweet
Score 0/15 Timer 05:00
0 Plays Today
% Correct
Prince - Purple Rain
98.1%
Eagles - Hotel California
95.8%
The Beach Boys - Surfin' USA
87.2%
The Rolling Stones - Brown Sugar
79.7%
Queen - Bicycle Race
79.5%
Guns N' Roses - Paradise City
67.3%
Cream - White Room
66.9%
The Police - Invisible Sun
54%
% Correct
Kiss - Love Gun
52.1%
Pink - Family Portrait
47.6%
The Doors - L.A. Woman
42%
Radiohead - Paranoid Android
37.6%
Talking Heads - Psycho Killer
37%
R.E.M - Orange Crush
36.3%
Deep Purple - Highway Star
34.5%

You're not logged in!

Compare scores with friends on all Sporcle quizzes.
Sign Up with Email
OR
Log In

You Might Also Like...

Show Comments

Extras

Top Quizzes Today


Score Distribution

Your Account Isn't Verified!

In order to create a playlist on Sporcle, you need to verify the email address you used during registration. Go to your Sporcle Settings to finish the process.